000 00209 a2200109 4500
020 _a9780769658643
041 _aspa
100 _aCarol Ottolenghi
245 _aLos tres Chivitos
942 _cBK
952 _71
999 _c22868
_d22868